| 000 | 00832nam a22002417a 4500 | ||
|---|---|---|---|
| 999 |
_c883 _d883 |
||
| 003 | AR-CdUCM | ||
| 008 | 190225b ||||| |||| 00| 0 spa d | ||
| 040 |
_aMUNICIPALIDAD PROVINCIAL DEL CUSCO _cBIBLIOTECA MUNICIPAL DEL CUSCO |
||
| 041 | _hpol | ||
| 082 |
_a943.8 / _bG454 |
||
| 100 |
_aGielzynski, Wojciech _93385 |
||
| 245 | _aLa Cultura en Polonia | ||
| 260 |
_aPolonia : _bEdiciones Interpress ; _c1978. |
||
| 300 |
_a101 páginas _bfotografías _c20cm |
||
| 505 | _aHistoria de Polonia -- Monumentos arquitectónicos -- Música -- Teatro -- Las Artes Plásticas -- Cultura Popular | ||
| 650 |
_acultura polaca _93386 |
||
| 650 |
_ateatro polaco _93387 |
||
| 650 |
_atradiciones _9229 |
||
| 650 |
_aescuela polaca de cine _93388 |
||
| 650 |
_aliteratura polaca _93389 |
||
| 942 |
_2ddc _cLIBROS |
||
| 945 |
_anom _d2019-02-25 |
||